[Event "Las Vegas"]
[Site "Las Vegas"]
[Date "2023.03.09"]
[Round "7"]
[White "Mista, Aleksander"]
[Black "Matikozian, Andranik"]
[Result "1-0"]
[WhiteElo "2534"]
[BlackElo "2369"]
[PlyCount "45"]
[EventDate "2023.03.05"]
[EventType "tourn"]
[EventRounds "10"]
[EventCountry "USA"]
[EventCategory "6"]
[SourceTitle "CBM 213 Extra"]
[Source "ChessBase"]
[SourceDate "2023.05.31"]
[SourceVersion "1"]
[SourceVersionDate "2023.05.31"]
[SourceQuality "1"]

1. e4 c5 2. Nf3 d6 3. d4 cxd4 4. Nxd4 Nf6 5. Nc3 a6 6. Be3 e5 7. Nb3 Be6 8. f3 Nbd7 9. Qd2 Be7 10. 0-0-0 0-0 11. g4 Nb6 12. h4 Rc8 13. h5 Nc4 14. Bxc4 Rxc4 15. g5 Nd7 16. Rdg1 f5 17. g6 f4 18. gxh7+ Kh8 19. Bf2 Rf6 20. Nd5 Rh6 21. Na5 Bxd5 22. Qxd5 Rc7 23. Rxg7 1-0

[Event "Las Vegas"]
[Site "Las Vegas"]
[Date "2023.01.14"]
[Round "4"]
[White "Matikozian, Andranik"]
[Black "Burrows, Brandon"]
[Result "1/2-1/2"]
[WhiteElo "2370"]
[BlackElo "2284"]
[PlyCount "38"]
[EventDate "2023.01.12"]
[EventType "tourn"]
[EventRounds "10"]
[EventCountry "USA"]
[EventCategory "2"]
[SourceTitle "CBM 212 Extra"]
[Source "ChessBase"]
[SourceDate "2023.03.31"]
[SourceVersion "1"]
[SourceVersionDate "2023.03.31"]
[SourceQuality "1"]

1. e4 e5 2. Nf3 Nf6 3. Nxe5 d6 4. Nf3 Nxe4 5. Qe2 Qe7 6. d3 Nf6 7. Bg5 Nbd7 8. Nc3 h6 9. Bh4 Qxe2+ 10. Bxe2 Be7 11. 0-0-0 c6 12. d4 d5 13. Rhe1 0-0 14. Bd3 Re8 15. Ne5 Nf8 16. f4 Ne6 17. Ne2 g5 18. fxg5 hxg5 19. Bf2 Ng7 1/2-1/2

[Event "North American op 27th"]
[Site "Las Vegas"]
[Date "2017.12.28"]
[Round "5"]
[White "Matikozian, Andranik"]
[Black "Wheeler, Cameron"]
[Result "0-1"]
[WhiteElo "2418"]
[BlackElo "2384"]
[PlyCount "92"]
[EventDate "2017.12.26"]
[EventType "swiss"]
[EventRounds "9"]
[EventCountry "USA"]
[SourceTitle "CBM 182 Extra"]
[Source "ChessBase"]
[SourceDate "2018.02.23"]
[SourceVersion "1"]
[SourceVersionDate "2018.02.23"]
[SourceQuality "1"]

1. Nf3 Nf6 2. g3 d5 3. Bg2 c6 4. d3 Bf5 5. 0-0 h6 6. Nfd2 Nbd7 7. e4 dxe4 8. dxe4 Bh7 9. f4 e6 10. Nc3 Qc7 11. Qe2 Bb4 12. Kh1 0-0-0 13. Nb3 e5 14. f5 Bg8 15. Be3 Ne8 16. Na4 f6 17. c4 b6 18. a3 Be7 19. Nd2 Nc5 20. Nc3 Qd7 21. Rfc1 Nd3 22. Rc2 Bc5 23. Nd5 Bxe3 24. Qxe3 Nc5 25. b4 Na4 26. Nc3 Nxc3 27. Qxc3 Qd4 28. Qxd4 Rxd4 29. c5 bxc5 30. Nf3 Rc4 31. Rxc4 Bxc4 32. Rc1 Bb5 33. Rxc5 Nc7 34. Kg1 Rd8 35. Rc3 Rd3 36. Rxd3 Bxd3 37. Nd2 Nb5 38. Nb3 Nxa3 39. Nc5 Bb5 40. Ne6 Nc2 41. Nxg7 Nxb4 42. Ne8 a5 43. Bf3 a4 44. Bd1 a3 45. Bb3 Kd8 46. Nxf6 c5 0-1

[Event "American op 53rd"]
[Site "Costa Mesa"]
[Date "2017.11.24"]
[Round "4"]
[White "Matikozian, Andranik"]
[Black "Belous, Vladimir"]
[Result "0-1"]
[WhiteElo "2418"]
[BlackElo "2567"]
[PlyCount "71"]
[EventDate "2017.11.23"]
[EventType "swiss"]
[EventRounds "8"]
[EventCountry "USA"]
[SourceTitle "EXT 2019"]
[Source "ChessBase"]
[SourceDate "2018.10.10"]
[SourceVersion "1"]
[SourceVersionDate "2018.10.10"]
[SourceQuality "1"]

1. e4 c5 2. Nf3 Nc6 3. Bb5 g6 4. Bxc6 bxc6 5. 0-0 Bg7 6. Re1 Nh6 7. c3 0-0 8. d4 cxd4 9. cxd4 d5 10. e5 f6 11. e6 Nf5 12. b3 Nd6 13. Qc2 Ne4 14. Nbd2 Bxe6 15. Nxe4 Bf5 16. Nxf6+ Rxf6 17. Qc3 Be4 18. Ne5 c5 19. Qxc5 Rc8 20. Qxa7 Rc7 21. Qa4 Rxf2 22. Kxf2 Bxe5 23. Rxe4 dxe4 24. dxe5 Rc2+ 25. Ke1 Qd3 26. Qe8+ Kg7 27. Qxe7+ Kg8 28. Qe6+ Kh8 29. Qf6+ Kg8 30. Qf1 Qd4 31. e6 Rc7 32. Rb1 e3 33. Qe2 Qh4+ 34. Kf1 Qe4 35. Ra1 Rc2 36. Qb5 0-1

[Event "North American op 26th"]
[Site "Las Vegas"]
[Date "2016.12.27"]
[Round "4"]
[White "Matikozian, Andranik"]
[Black "Chen, Peng"]
[Result "1/2-1/2"]
[WhiteElo "2404"]
[BlackElo "2297"]
[PlyCount "41"]
[EventDate "2016.12.26"]
[EventType "swiss"]
[EventRounds "9"]
[EventCountry "USA"]
[SourceTitle "CBM 176 Extra"]
[Source "ChessBase"]
[SourceDate "2017.03.02"]
[SourceVersion "1"]
[SourceVersionDate "2017.03.02"]
[SourceQuality "1"]

1. e4 c5 2. Nf3 d6 3. Nc3 Nf6 4. d4 cxd4 5. Nxd4 a6 6. Bc4 e6 7. 0-0 Nc6 8. Bb3 Qc7 9. Kh1 Be7 10. f4 0-0 11. f5 Nxd4 12. Qxd4 Bd7 13. Bg5 h6 14. Bh4 exf5 15. exf5 Bc6 16. Rae1 Rfe8 17. Ne2 Ne4 18. Bxe7 Qxe7 19. Nc3 Qf6 20. Qxf6 Nxf6 21. Kg1 1/2-1/2

[Event "Saint Louis CCSCSL GM"]
[Site "Saint Louis"]
[Date "2014.11.24"]
[Round "8"]
[White "Gorovets, Andrey"]
[Black "Matikozian, Andranik"]
[Result "1/2-1/2"]
[WhiteElo "2482"]
[BlackElo "2447"]
[PlyCount "129"]
[EventDate "2014.11.21"]
[EventType "tourn"]
[EventRounds "9"]
[EventCountry "USA"]
[EventCategory "9"]
[SourceTitle "CBM 163 Extra"]
[Source "ChessBase"]
[SourceDate "2014.12.23"]
[SourceVersion "1"]
[SourceVersionDate "2014.12.23"]
[SourceQuality "1"]

1. e4 c5 2. Nf3 d6 3. d4 cxd4 4. Nxd4 Nf6 5. f3 e5 6. Nb3 Be6 7. c4 Nbd7 8. Be3 Rc8 9. Na3 a6 10. Bd3 Be7 11. 0-0 0-0 12. Qd2 Ne8 13. Rac1 h6 14. Rfd1 Bg5 15. Bf1 Bxe3+ 16. Qxe3 Qc7 17. Rc2 Nc5 18. Nc1 Nf6 19. Kh1 Rfd8 20. Ne2 Ne8 21. Nc3 Nd7 22. Qc1 Qa5 23. Rcd2 Nb8 24. Nc2 Nc6 25. a3 Qc7 26. b4 Nf6 27. Qb2 Ne7 28. Ne3 b5 29. Ncd5 Nexd5 30. cxd5 Bd7 31. Rd3 Qb6 32. Qd2 Rc7 33. g3 Rdc8 34. h3 Ra8 35. Kh2 a5 36. bxa5 Rxa5 37. Rb1 Ra4 38. Rbb3 Rc5 39. Rdc3 Qa5 40. Rd3 Qb6 41. Kg2 Qc7 42. Qb2 Ne8 43. Rdc3 Rxc3 44. Rxc3 Qa5 45. Nc2 Nc7 46. Nb4 Na6 47. Nc6 Bxc6 48. dxc6 Nc7 49. Rd3 b4 50. axb4 Rxb4 51. Qd2 Qb6 52. Rc3 Rd4 53. Qa2 Qb4 54. Rd3 Rxd3 55. Bxd3 Qc5 56. Bc4 Qxc6 57. Bxf7+ Kh7 58. h4 Qd7 59. h5 Qd8 60. Qa5 Ne6 61. Qxd8 Nxd8 62. Bd5 g5 63. Kh3 Kg7 64. Kg4 Kf6 65. Kh3 1/2-1/2

[Event "Saint Louis CCSCSL GM"]
[Site "Saint Louis"]
[Date "2014.11.22"]
[Round "4"]
[White "Panjwani, Raja"]
[Black "Matikozian, Andranik"]
[Result "1-0"]
[WhiteElo "2421"]
[BlackElo "2447"]
[PlyCount "96"]
[EventDate "2014.11.21"]
[EventType "tourn"]
[EventRounds "9"]
[EventCountry "USA"]
[EventCategory "9"]
[SourceTitle "CBM 163 Extra"]
[Source "ChessBase"]
[SourceDate "2014.12.23"]
[SourceVersion "1"]
[SourceVersionDate "2014.12.23"]
[SourceQuality "1"]

1. d4 Nf6 2. Nf3 g6 3. g3 Bg7 4. Bg2 d6 5. 0-0 0-0 6. a4 a5 7. Re1 Nbd7 8. e4 e5 9. Nc3 Re8 10. h3 c6 11. b3 exd4 12. Nxd4 Nc5 13. Bb2 Qb6 14. Qd2 Bd7 15. Rad1 Re5 16. f3 Rae8 17. Kh2 Rh5 18. Nce2 Nxa4 19. Ba1 Nc5 20. Nf4 Rh6 21. Bc3 g5 22. Nf5 Bxf5 23. exf5 Rxe1 24. Rxe1 Nce4 25. fxe4 Ng4+ 26. Kh1 Nf2+ 27. Kh2 Ng4+ 28. Kh1 Qf2 29. f6 Qxg3 30. Kg1 gxf4 31. hxg4 f3 32. Re3 Qh2+ 33. Kf1 fxg2+ 34. Qxg2 Qf4+ 35. Qf3 Rh1+ 36. Ke2 Qh2+ 37. Kd3 Bf8 38. e5 dxe5 39. Rxe5 Rg1 40. Rg5+ Kh8 41. Be5 Qg2 42. Qxg2 Rxg2 43. Bc7 h6 44. Rxa5 Rxg4 45. Ra7 b5 46. Be5 h5 47. Rxf7 Kg8 48. Rc7 Bb4 1-0

[Event "USA tt"]
[Site "ICC INT"]
[Date "2014.09.02"]
[Round "2"]
[White "Matikozian, Andranik"]
[Black "Kovalyov, Anton"]
[Result "1/2-1/2"]
[WhiteElo "2447"]
[BlackElo "2622"]
[PlyCount "114"]
[EventDate "2014.08.26"]
[EventType "team-tourn"]
[EventRounds "10"]
[EventCountry "USA"]
[SourceTitle "CBM 162 Extra"]
[Source "ChessBase"]
[SourceDate "2014.10.17"]
[SourceVersion "1"]
[SourceVersionDate "2014.10.17"]
[SourceQuality "1"]
[WhiteTeam "Los Angeles"]
[BlackTeam "Rio Grande"]
[WhiteTeamCountry "USA"]
[BlackTeamCountry "USA"]

1. e4 c5 2. Nf3 e6 3. Nc3 Nc6 4. d4 cxd4 5. Nxd4 Qc7 6. g3 a6 7. Bg2 Nf6 8. 0-0 Nxd4 9. Qxd4 Bc5 10. Bf4 d6 11. Qd2 h6 12. Rad1 e5 13. Be3 Be6 14. Bxc5 dxc5 15. Nd5 Bxd5 16. exd5 Qd6 17. f4 0-0 18. fxe5 Qxe5 19. d6 Qxb2 20. Rb1 Qxa2 21. Rxb7 Rad8 22. d7 Qe6 23. Rd1 a5 24. Bf3 a4 25. Qe2 Rxd7 26. Rdxd7 Nxd7 27. Qxe6 fxe6 28. Bg4 Ne5 29. Bxe6+ Kh7 30. Ra7 Nf3+ 31. Kg2 Ne1+ 32. Kh3 Nxc2 33. Rxa4 Nd4 34. Bc4 Kg6 35. Ra7 Rc8 36. Kg4 h5+ 37. Kf4 Rf8+ 38. Ke3 Nf5+ 39. Ke2 Nd4+ 40. Ke3 Rf3+ 41. Ke4 Rf6 42. Rc7 Nf3 43. Rxc5 Nxh2 44. Be2 Re6+ 45. Re5 Rxe5+ 46. Kxe5 Kg5 47. Ke6 Ng4 48. Kf7 g6 49. Bxg4 hxg4 50. Ke6 Kh6 51. Kf6 g5 52. Kf5 Kh5 53. Ke5 Kh6 54. Kf5 Kh5 55. Kf6 Kh6 56. Kf5 Kh5 57. Kf6 Kh6 1/2-1/2

[Event "Los Angeles Metropolitan 28th"]
[Site "Los Angeles"]
[Date "2013.08.18"]
[Round "9"]
[White "Sevillano, Enrico"]
[Black "Matikozian, Andranik"]
[Result "1/2-1/2"]
[WhiteElo "2484"]
[BlackElo "2475"]
[PlyCount "40"]
[EventDate "2013.08.13"]
[EventType "tourn"]
[EventRounds "9"]
[EventCountry "USA"]
[EventCategory "8"]
[SourceTitle "CBM 156 Extra"]
[Source "ChessBase"]
[SourceDate "2013.10.22"]
[SourceVersion "1"]
[SourceVersionDate "2013.10.22"]
[SourceQuality "1"]

1. e4 e5 2. Nf3 Nc6 3. d4 exd4 4. Nxd4 Nf6 5. Nc3 Bb4 6. Nxc6 bxc6 7. Bd3 d5 8. exd5 cxd5 9. 0-0 0-0 10. Bg5 c6 11. Qf3 Be7 12. Rfe1 Be6 13. h3 h6 14. Bxh6 gxh6 15. Rxe6 fxe6 16. Qg3+ Kh8 17. Qg6 Qe8 18. Qxh6+ Kg8 19. Qg5+ Kh8 20. Qh6+ Kg8 1/2-1/2

[Event "Los Angeles Metropolitan 28th"]
[Site "Los Angeles"]
[Date "2013.08.16"]
[Round "5"]
[White "Matikozian, Andranik"]
[Black "Khachiyan, Melikset"]
[Result "1/2-1/2"]
[WhiteElo "2475"]
[BlackElo "2508"]
[PlyCount "40"]
[EventDate "2013.08.13"]
[EventType "tourn"]
[EventRounds "9"]
[EventCountry "USA"]
[EventCategory "8"]
[SourceTitle "CBM 156 Extra"]
[Source "ChessBase"]
[SourceDate "2013.10.22"]
[SourceVersion "1"]
[SourceVersionDate "2013.10.22"]
[SourceQuality "1"]

1. e4 e5 2. Nf3 Nc6 3. Bb5 a6 4. Ba4 Nf6 5. 0-0 Be7 6. Re1 b5 7. Bb3 d6 8. c3 0-0 9. h3 Na5 10. Bc2 c5 11. d4 Qc7 12. Nbd2 cxd4 13. cxd4 Nc6 14. Nb3 Bd7 15. Bg5 h6 16. Bh4 Rfe8 17. Rc1 Qb7 18. d5 Na7 19. Bd3 Rac8 20. Rxc8 Rxc8 1/2-1/2

[Event "Pacific Coast op 18th"]
[Site "Agoura Hills"]
[Date "2013.07.21"]
[Round "5.4"]
[White "Bekkedahl, Zachary"]
[Black "Matikozian, Andranik"]
[Result "0-1"]
[WhiteElo "2172"]
[BlackElo "2577"]
[PlyCount "74"]
[EventDate "2013.07.18"]
[EventType "swiss"]
[EventRounds "6"]
[EventCountry "USA"]
[SourceTitle "EXT 2024"]
[Source "ChessBase"]
[SourceDate "2023.10.10"]
[SourceVersion "1"]
[SourceVersionDate "2023.10.10"]
[SourceQuality "1"]

1. e4 c5 2. Nc3 d6 3. f4 Nc6 4. Nf3 g6 5. Bb5 Bd7 6. 0-0 Bg7 7. d3 Nf6 8. Bxc6 Bxc6 9. Qe1 b5 10. e5 dxe5 11. fxe5 Ng4 12. e6 f5 13. h3 Ne5 14. Nxe5 Qd4+ 15. Kh1 Qxe5 16. Qxe5 Bxe5 17. Be3 Rc8 18. Bxc5 Bxg2+ 19. Kxg2 Rxc5 20. Rab1 b4 21. Ne2 Rxc2 22. Rfc1 Rxc1 23. Rxc1 0-0 24. Rc4 Rb8 25. Nd4 Bxd4 26. Rxd4 Kg7 27. Rd7 Kf6 28. Rxa7 Rc8 29. Kf3 Rc2 30. b3 Rh2 31. Ke3 Rxh3+ 32. Kd4 g5 33. a4 bxa3 34. Rxa3 Rh4+ 35. Kc3 g4 36. Ra1 g3 37. Rg1 Rg4 0-1

[Event "Southern California-ch 25th"]
[Site "Monterey Park"]
[Date "2013.06.22"]
[Round "5"]
[White "Matikozian, Andranik"]
[Black "Landaw, Julian W"]
[Result "1/2-1/2"]
[WhiteElo "2459"]
[BlackElo "2314"]
[PlyCount "31"]
[EventDate "2013.06.20"]
[EventType "tourn"]
[EventRounds "7"]
[EventCountry "USA"]
[EventCategory "7"]
[SourceTitle "CBM 155 Extra"]
[Source "ChessBase"]
[SourceDate "2013.08.26"]
[SourceVersion "1"]
[SourceVersionDate "2013.08.26"]
[SourceQuality "1"]

1. Nf3 Nf6 2. g3 d5 3. Bg2 c6 4. 0-0 Bf5 5. d3 h6 6. Nfd2 Nbd7 7. e4 dxe4 8. dxe4 Bh7 9. Nc3 Qc7 10. f4 e5 11. f5 0-0-0 12. Qe2 Ne8 13. a4 f6 14. Nc4 Bc5+ 15. Be3 Bxe3+ 16. Nxe3 1/2-1/2

[Event "Southern California-ch 25th"]
[Site "Monterey Park"]
[Date "2013.06.21"]
[Round "3"]
[White "Matikozian, Andranik"]
[Black "Aldama Degurnay, Dionisio"]
[Result "1-0"]
[WhiteElo "2459"]
[BlackElo "2440"]
[PlyCount "159"]
[EventDate "2013.06.20"]
[EventType "tourn"]
[EventRounds "7"]
[EventCountry "USA"]
[EventCategory "7"]
[SourceTitle "CBM 155 Extra"]
[Source "ChessBase"]
[SourceDate "2013.08.26"]
[SourceVersion "1"]
[SourceVersionDate "2013.08.26"]
[SourceQuality "1"]

1. e4 c5 2. Nf3 e6 3. Nc3 a6 4. d4 cxd4 5. Nxd4 Qc7 6. g3 Nf6 7. Bg2 Bb4 8. 0-0 Bxc3 9. bxc3 0-0 10. Bg5 d6 11. Bxf6 gxf6 12. Qg4+ Kh8 13. Qh4 Nd7 14. e5 f5 15. exd6 Qxd6 16. Rfe1 Rg8 17. Nf3 Qf8 18. Qd4+ Qg7 19. Rad1 Nf8 20. Ne5 f6 21. Nc4 e5 22. Qb6 Be6 23. Nd6 Rb8 24. Bxb7 f4 25. Qxa6 h5 26. Rd3 h4 27. c4 Nh7 28. Ne4 Bf5 29. Bd5 Rgf8 30. c5 Bxe4 31. Bxe4 f5 32. Bc6 e4 33. Rd7 Qc3 34. Qe2 hxg3 35. hxg3 fxg3 36. Kg2 Nf6 37. fxg3 Kg8 38. Qe3 Qxe3 39. Rxe3 Nxd7 40. Bxd7 Rb2 41. Rc3 Kf7 42. Bxf5 Ke7 43. g4 Kd8 44. Bxe4 Rxa2 45. Kg3 Ra4 46. Bc6 Ra5 47. Bf3 Kc7 48. c6 Rg8 49. Rc4 Ra3 50. c3 Ra1 51. Rf4 Rc1 52. c4 Rc3 53. Kh4 Rh8+ 54. Kg3 Rg8 55. Kf2 Rg7 56. Bd5 Kd6 57. Rf6+ Ke5 58. Re6+ Kf4 59. Re4+ Kg5 60. Re3 Rc1 61. Kf3 Ra7 62. Re5+ Kf6 63. Rf5+ Kg6 64. Ke4 Rg1 65. Kf4 Re7 66. Rg5+ Kf6 67. Rf5+ Kg6 68. Bf3 Rc1 69. Rc5 Rf7+ 70. Ke4 Re1+ 71. Kd4 Rf4+ 72. Kd5 Rxf3 73. c7 Rd3+ 74. Kc6 Re8 75. Rd5 Rc3 76. c5 Kf7 77. Rd7+ Kg6 78. Rd8 Re5 79. Rd5 Re8 80. Kd7 1-0

[Event "Southern California-ch 25th"]
[Site "Monterey Park"]
[Date "2013.06.20"]
[Round "1"]
[White "Kretchetov, Alexandre"]
[Black "Matikozian, Andranik"]
[Result "1/2-1/2"]
[WhiteElo "2286"]
[BlackElo "2459"]
[PlyCount "34"]
[EventDate "2013.06.20"]
[EventType "tourn"]
[EventRounds "7"]
[EventCountry "USA"]
[EventCategory "7"]
[SourceTitle "CBM 155 Extra"]
[Source "ChessBase"]
[SourceDate "2013.08.26"]
[SourceVersion "1"]
[SourceVersionDate "2013.08.26"]
[SourceQuality "1"]

1. e4 c5 2. Nf3 d6 3. d4 cxd4 4. Nxd4 Nf6 5. f3 a6 6. c4 e5 7. Nc2 Be6 8. Be2 Nbd7 9. 0-0 Rc8 10. Ne3 Be7 11. Nc3 0-0 12. Ned5 Bxd5 13. Nxd5 Nxd5 14. Qxd5 Rc6 15. b3 Bg5 16. Bxg5 Qxg5 17. f4 Qh6 1/2-1/2